000 00244nam a2200097Ia 4500
001 663258
005 20250826160209.0
008 250824s9999 xx 000 0 und d
245 0 _aÖMERİN ÇOCUKLUĞU
_cMUALLLİM NACİ
260 _bBEYAN YAYINLARI
999 _c663258
_d663258